000
00286nam a2200121Ia 4500
999
_c
6234
_d
6234
020
_a
9780471108979
082
_a
658.15
100
_a
Aswath Damodaran
245
0
_a
Study Guide for Damodaran on Valuation
260
_a
New York
_b
Prentice Hall Inc.
_c
1994
300
_a
220
942
_c
BK